|
|
|
|
| LEADER |
01358nam a22003134a 4500 |
| 001 |
28610 |
| 003 |
BD-DhAAL |
| 005 |
20141125102726.0 |
| 008 |
141125t20081993nyu b 000 1 eng |
| 020 |
|
|
|a 9780140449617
|
| 040 |
|
|
|a DLC
|c DLC
|d FER
|d YDXCP
|d UWO
|d BD-DhAAL
|
| 050 |
0 |
0 |
|a PG3366.A13
|b P47 2009
|
| 082 |
0 |
0 |
|a 891.73/3
|2 22
|
| 100 |
1 |
|
|a Tolstoy, Leo
|d 1828-1910.
|9 6201
|
| 240 |
1 |
0 |
|a Short stories.
|k Selections.
|l English
|
| 245 |
1 |
4 |
|a The death of Ivan Ilyich and other stories /
|c Leo Tolstoy ; translated by Ronald Wilks, Anthony Briggs and David Mcduff ; with an introduction by Anthony Briggs.
|
| 260 |
|
|
|a New York ;
|a London :
|b Penguin Books,
|c c2008, 1993
|
| 300 |
|
|
|a xxxii, 316 p. ;
|c 25 cm.
|
| 490 |
|
0 |
|a Penguin Classics
|
| 504 |
|
|
|a Includes bibliographical references.
|
| 541 |
|
|
|e 28610
|
| 600 |
1 |
0 |
|a Tolstoy, Leo,
|c graf,
|d 1828-1910
|v Translations into English.
|9 6202
|
| 650 |
|
0 |
|a Short stories, Russian
|v Translations into English.
|9 6203
|
| 700 |
1 |
|
|a Wilks, Ronald.
|9 6204
|
| 700 |
1 |
|
|a Briggs, Anthony.
|9 6205
|
| 700 |
1 |
|
|a Mcduff, David.
|9 6206
|
| 942 |
|
|
|2 ddc
|c BK
|
| 999 |
|
|
|c 33121
|d 33121
|
| 952 |
|
|
|0 0
|1 0
|2 ddc
|4 0
|6 891_733000000000000_TOL
|7 0
|9 44210
|a BRACUL
|b BRACUL
|c GEN
|d 2014-11-25
|e BRAC Institute of Language (BIL)
|l 9
|m 91
|o 891.733 TOL
|p 3010028610
|r 2026-05-03
|s 2026-04-20
|t 1
|w 2014-11-25
|y BK
|x Transferred from BIL to BRACUL on 06/06/22
|